| 000 | 01208nam a2200301 c 4500 | ||
|---|---|---|---|
| 003 | BLK | ||
| 005 | 20220120111412.0 | ||
| 008 | 180408b bul|||||r ||||||| ||bul|| | ||
| 010 | _aKNG00057375000 | ||
| 020 |
_a84-9819-031-2 _bиздат.: Mediasat Group, S. A. - (на цялата колекция) |
||
| 040 | _aBLK | ||
| 041 |
_aBUL _cBUL |
||
| 080 |
_aРуска литература _b821.161.1 _x-31 _z821.161.1-31 |
||
| 100 | 1 |
_aБулгаков, Михаил Афанасиевич _eпърви автор _9259813 |
|
| 700 | 1 |
_aМинкова, Лиляна _eпрев. от рус. _9364889 |
|
| 139 |
_aБулгаков, Михаил Афанасиевич _bБ 85 |
||
| 245 | 1 | 0 |
_aТеатрален роман _bРоман _cМихаил Афанасиевич Булгаков; прев. от рус. Лиляна Минкова. |
| 257 | _aRUS | ||
| 260 |
_аСофия _bMediasat Group, S. A. _c2005 _fОтпеч. в Германия |
||
| 300 |
_a157 с. _c21 см |
||
| 380 | _aX | ||
| 490 | 1 |
_aЗлатна колекция ХХ век _v37 |
|
| 852 | _aЦб 225950 | ||
| 856 | 4 |
_qpdf _u |
|
| 856 | 4 |
_qpdf _u |
|
| 942 |
_cKNG _n0 _02 |
||
| 944 |
_aCR _c03.01.2006 _kГеновева_Генчева |
||
| 944 |
_aED _c06.02.2014 _k |
||
| 999 |
_c53436 _d53436 |
||